000 00580nam a22001817a 4500
005 20231108075212.0
008 231108b |||||||| |||| 00| 0 eng d
020 _a0702159174
041 _aEnglish
082 _a346.4 VAN
100 _aVan der Walt, AJ and Pienaar, GJ
_lEnglish
245 _aIntroduction to the Law of Property /
_cAJ Van der Walt and GJ Pienaar
250 _aFourth Edition
260 _aCape Town :
_bJuta and Company Ltd,
_c2002
300 _b388 pages ;
_c25 cm.
650 _aLegal practice
_bLaw
942 _cBK
_6ALISON_BN_VRIES
999 _c401
_d401